|
|
|
|
| LEADER |
00814nam a22001937a 4500 |
| 020 |
|
|
|a 81-7690-115-6
|
| 082 |
|
|
|a 809
|b VAS/M P6
|
| 100 |
|
|
|a വയലാ വാസുദാവ൯പിള്ള;
|9 233157
|
| 100 |
|
|
|a Vayala Vasudevan Pillai
|9 233158
|
| 240 |
|
|
|a Malayala nataka Sahithya Charithram 2005
|
| 245 |
|
|
|a മലയാള നാടക സാഹിത്യ ചരിത്രം 2005
|
| 250 |
|
|
|a 1st
|
| 260 |
|
|
|a Trissur;
|b Kerala Sahithya Akademi;
|c 2006
|
| 300 |
|
|
|a 203p.
|
| 650 |
|
|
|a മലയാളം; സാഹിത്യ ചരിത്രം
|9 233159
|
| 650 |
|
|
|a Malayalam; Literary History
|9 233160
|
| 942 |
|
|
|c BK
|
| 999 |
|
|
|c 46183
|d 46183
|
| 952 |
|
|
|0 0
|1 0
|4 0
|6 809_000000000000000_VAS_M_P6
|7 0
|8 LH
|9 54007
|a MAL
|b MAL
|d 2015-11-18
|e 50921
|g 130.00
|l 0
|o 809 VAS/M P6
|p MAL050921
|r 2015-11-18
|t 1
|w 2015-11-18
|y BK
|